[Event "VIE-ch U11 Girls"]
[Site "Ho Chi Minh City"]
[Date "2014.07.18"]
[Round "9"]
[White "Pham, Ngoc Lam"]
[Black "Huynh, Thanh Thy"]
[Result "0-1"]
[WhiteElo "1735"]
[BlackElo "1709"]
[PlyCount "90"]
[EventDate "2014.07.13"]
[EventType "swiss"]
[EventRounds "9"]
[EventCountry "VIE"]
[SourceTitle "EXT 2016"]
[Source "ChessBase"]
[SourceDate "2015.10.08"]
[SourceVersion "1"]
[SourceVersionDate "2015.10.08"]
[SourceQuality "1"]

1. e4 c6 2. Nc3 d5 3. d3 Nf6 4. Be2 e5 5. exd5 cxd5 6. Bg5 Nbd7 7. Nxd5 Qa5+ 8. Nc3 Nd5 9. Bd2 Nxc3 10. Bxc3 Bb4 11. Qd2 Bxc3 12. Qxc3 Qxc3+ 13. bxc3 b6 14. Nf3 Bb7 15. 0-0 0-0 16. Rfe1 f6 17. Rad1 Rad8 18. d4 Rfe8 19. Bc4+ Kf8 20. Bb5 a6 21. dxe5 axb5 22. e6 Bxf3 23. gxf3 Ne5 24. Kg2 Rxd1 25. Rxd1 Rxe6 26. Re1 Rc6 27. f4 Ng6 28. Kg3 Rxc3+ 29. f3 Rxc2 30. Rb1 Rc5 31. h4 h5 32. Rb4 Ke7 33. Re4+ Kd6 34. Rd4+ Rd5 35. Rxd5+ Kxd5 36. f5 Ne7 37. Kf4 b4 38. Ke3 Nxf5+ 39. Kd2 Nxh4 40. Kc2 Nxf3 41. Kb3 Kc5 42. Kc2 h4 43. Kd1 h3 44. Kc2 h2 45. Kb3 h1Q 0-1

[Event "VIE-ch U11 Girls"]
[Site "Ho Chi Minh City"]
[Date "2014.07.15"]
[Round "4"]
[White "Pham, Ngoc Lam"]
[Black "Vo, Thuy Tien"]
[Result "0-1"]
[WhiteElo "1735"]
[BlackElo "1708"]
[PlyCount "114"]
[EventDate "2014.07.13"]
[EventType "swiss"]
[EventRounds "9"]
[EventCountry "VIE"]
[SourceTitle "EXT 2016"]
[Source "ChessBase"]
[SourceDate "2015.10.08"]
[SourceVersion "1"]
[SourceVersionDate "2015.10.08"]
[SourceQuality "1"]

1. e4 e5 2. Nf3 Nc6 3. Nc3 Nf6 4. Bc4 Bc5 5. d3 h6 6. 0-0 0-0 7. h3 d6 8. a3 a6 9. b4 Ba7 10. Re1 Re8 11. Be3 Nd4 12. b5 axb5 13. Nxb5 Nxb5 14. Bxb5 c6 15. Ba4 Bxe3 16. fxe3 Rxa4 17. c4 Ra8 18. a4 d5 19. exd5 cxd5 20. Qb3 dxc4 21. Qxc4 Qd5 22. Qxd5 Nxd5 23. Re2 Nc3 24. Rc2 Rxa4 25. Rac1 Ra3 26. Rxc3 Rxc3 27. Rxc3 Bf5 28. e4 Bd7 29. g4 g6 30. h4 Bxg4 31. Kf2 f6 32. Rb3 Rd8 33. Ne1 Rb8 34. Rb6 Kg7 35. Ng2 g5 36. Ne3 Bh5 37. hxg5 fxg5 38. Nf5+ Kf7 39. Rxh6 Bd1 40. Nd6+ Ke7 41. Nc4 b5 42. Rb6 Rxb6 43. Nxb6 Kd6 44. Ke3 Ba4 45. Kf3 Kc5 46. Nd5 b4 47. Nxb4 Kxb4 48. Kg4 Kc3 49. Kxg5 Kxd3 50. Kf5 Kd4 51. Kg4 Kxe4 52. Kg3 Kd3 53. Kf3 e4+ 54. Kf2 Kd2 55. Kg2 e3 56. Kh3 e2 57. Kg2 e1Q 0-1